[Event "WYCC Girls 12"]
[Site "Porto Carras"]
[Date "2015.11.01"]
[Round "7.6"]
[White "Bach, Ngoc Thuy Duong"]
[Black "Beydullayeva, Govhar"]
[Result "0-1"]
[BlackElo "1831"]
[WhiteElo "1707"]
[LiveChessVersion "1.4.6"]

1. e4 {[%clk 1:30:44]} c5 {[%clk 1:30:55]} 2. Nf3 {[%clk 1:31:02]} d6
{[%clk 1:31:22]} 3. d4 {[%clk 1:31:03]} cxd4 {[%clk 1:31:39]} 4. Nxd4
{[%clk 1:31:14]} Nf6 {[%clk 1:31:59]} 5. Nc3 {[%clk 1:31:23]} a6 {[%clk 1:32:00]}
6. Be2 {[%clk 1:30:57]} e5 {[%clk 1:32:17]} 7. Nb3 {[%clk 1:30:54]} Be7
{[%clk 1:31:57]} 8. O-O {[%clk 1:30:19]} O-O {[%clk 1:31:28]} 9. Be3
{[%clk 1:28:39]} Be6 {[%clk 1:31:26]} 10. f4 {[%clk 1:24:00]} exf4
{[%clk 1:30:35]} 11. Bxf4 {[%clk 1:23:24]} Nc6 {[%clk 1:29:41]} 12. Kh1
{[%clk 1:22:57]} Ne5 {[%clk 1:27:49]} 13. Nd4 {[%clk 1:18:12]} Rc8
{[%clk 1:21:54]} 14. Nxe6 {[%clk 1:04:48]} fxe6 {[%clk 1:22:09]} 15. Qe1
{[%clk 1:04:16]} Qb6 {[%clk 0:58:59]} 16. Rb1 {[%clk 0:59:03]} Qd4
{[%clk 0:49:14]} 17. Bf3 {[%clk 0:45:47]} Nxf3 {[%clk 0:26:52]} 18. Rxf3
{[%clk 0:45:44]} Nh5 {[%clk 0:22:32]} 19. Rd3 {[%clk 0:27:37]} Qc5
{[%clk 0:12:07]} 20. Be3 {[%clk 0:21:26]} Qe5 {[%clk 0:11:11]} 21. Bd4
{[%clk 0:18:50]} Qg5 {[%clk 0:09:59]} 22. Rbd1 {[%clk 0:13:35]} Qg4
{[%clk 0:07:04]} 23. Be3 {[%clk 0:05:18]} Rf7 {[%clk 0:03:00]} 24. R3d2
{[%clk 0:03:19]} Rcf8 {[%clk 0:02:44]} 25. Qe2 {[%clk 0:02:08]} Qxe2 26. Rxe2
{[%clk 0:01:28]} Rf1+ {[%clk 0:01:04]} 27. Bg1 {[%clk 0:00:40]} Rxd1
{[%clk 0:01:10]} 28. Nxd1 {[%clk 0:01:05]} Rf1 {[%clk 0:01:12]} 29. Ne3
{[%clk 0:00:52]} Ra1 {[%clk 0:00:50]} 30. a3 {[%clk 0:00:38]} Rb1
{[%clk 0:00:49]} 31. b4 {[%clk 0:00:34]} Ra1 {[%clk 0:00:49]} 32. g3
{[%clk 0:00:34]} Rxa3 {[%clk 0:00:50]} 33. Kg2 {[%clk 0:00:33]} Rc3
{[%clk 0:00:40]} 34. Nd1 {[%clk 0:00:38]} Rc4 {[%clk 0:00:42]} 35. c3
{[%clk 0:01:01]} Nf6 {[%clk 0:00:49]} 36. Kf3 {[%clk 0:00:35]} Nd7
{[%clk 0:00:52]} 37. Bd4 {[%clk 0:00:51]} e5 {[%clk 0:00:42]} 38. Be3
{[%clk 0:00:45]} Kf7 {[%clk 0:00:48]} 39. Bd2 {[%clk 0:00:39]} Nb6
{[%clk 0:00:39]} 40. Be1 {[%clk 0:30:44]} Rc8 {[%clk 0:30:44]} 41. Ne3
{[%clk 0:30:08]} Ke6 {[%clk 0:27:24]} 42. Nf5 {[%clk 0:15:29]} Bf8
{[%clk 0:26:22]} 43. g4 {[%clk 0:14:22]} g6 {[%clk 0:26:00]} 44. Ne3
{[%clk 0:12:45]} Bh6 {[%clk 0:06:54]} 45. h4 {[%clk 0:07:27]} Rf8+
{[%clk 0:04:14]} 46. Kg2 {[%clk 0:06:18]} Bxe3 {[%clk 0:01:10]} 47. Rxe3
{[%clk 0:06:46]} Nc4 {[%clk 0:00:50]} 48. Re2 {[%clk 0:02:48]} b6
{[%clk 0:00:43]} 49. Kg3 {[%clk 0:01:28]} a5 {[%clk 0:00:54]} 50. bxa5
{[%clk 0:00:33]} bxa5 {[%clk 0:01:10]} 51. Kg2 {[%clk 0:00:33]} a4
{[%clk 0:00:56]} 52. Bd2 {[%clk 0:00:42]} Rb8 {[%clk 0:00:46]} 53. Bc1
{[%clk 0:00:31]} Rb1 {[%clk 0:00:54]} 54. Rc2 {[%clk 0:00:53]} a3
{[%clk 0:01:04]} 55. Bxa3 {[%clk 0:00:34]} Ne3+ {[%clk 0:01:02]} 0-1

[Event "WYCC Girls 12"]
[Site "Porto Carras"]
[Date "2015.11.01"]
[Round "7.7"]
[White "Mahdian, Anousha"]
[Black "Bai, Xue"]
[Result "1-0"]
[BlackElo "1639"]
[WhiteElo "1757"]
[LiveChessVersion "1.4.6"]

1. d4 {[%clk 1:30:13]} d5 {[%clk 1:30:40]} 2. c4 {[%clk 1:30:27]} e6
{[%clk 1:31:03]} 3. Nc3 {[%clk 1:30:52]} Nf6 {[%clk 1:31:04]} 4. cxd5
{[%clk 1:31:14]} exd5 {[%clk 1:31:28]} 5. Bg5 {[%clk 1:31:38]} Be7
{[%clk 1:30:51]} 6. e3 {[%clk 1:32:00]} c6 {[%clk 1:28:30]} 7. Qc2
{[%clk 1:32:22]} Nbd7 {[%clk 1:28:53]} 8. Bd3 {[%clk 1:32:44]} h6
{[%clk 1:29:06]} 9. Bf4 {[%clk 1:31:36]} Nb6 {[%clk 1:25:51]} 10. h3
{[%clk 1:25:54]} Bd6 {[%clk 1:25:36]} 11. Bxd6 {[%clk 1:24:18]} Qxd6
{[%clk 1:25:56]} 12. Nf3 {[%clk 1:22:09]} Be6 {[%clk 1:23:18]} 13. a3
{[%clk 1:16:39]} Nfd7 {[%clk 1:22:15]} 14. b4 {[%clk 1:07:21]} a5
{[%clk 1:20:14]} 15. Rb1 {[%clk 1:06:45]} axb4 {[%clk 1:20:37]} 16. axb4
{[%clk 1:07:10]} O-O {[%clk 1:20:39]} 17. O-O {[%clk 0:52:34]} Ra7
{[%clk 1:16:18]} 18. Nd2 {[%clk 0:34:54]} Rfa8 {[%clk 1:12:41]} 19. f4
{[%clk 0:33:47]} Nf6 {[%clk 1:06:51]} 20. Nf3 {[%clk 0:32:06]} Na4
{[%clk 0:58:00]} 21. Nxa4 {[%clk 0:18:29]} Rxa4 {[%clk 0:57:53]} 22. b5
{[%clk 0:16:33]} Ra2 {[%clk 0:57:33]} 23. Qc1 {[%clk 0:14:43]} Qa3
{[%clk 0:56:19]} 24. Qxa3 {[%clk 0:14:33]} R2xa3 {[%clk 0:56:42]} 25. Rfd1
{[%clk 0:08:50]} Rc8 {[%clk 0:54:10]} 26. bxc6 {[%clk 0:07:21]} bxc6
{[%clk 0:54:33]} 27. Ne5 {[%clk 0:04:32]} Nd7 {[%clk 0:51:26]} 28. Nxd7
{[%clk 0:04:28]} Bxd7 {[%clk 0:51:53]} 29. Rb7 {[%clk 0:04:02]} Rd8
{[%clk 0:52:09]} 30. Kf2 {[%clk 0:03:46]} g6 {[%clk 0:52:04]} 31. Bb1
{[%clk 0:03:14]} Kf8 {[%clk 0:52:06]} 32. Rc1 {[%clk 0:03:04]} Ra6
{[%clk 0:51:27]} 33. Bd3 {[%clk 0:02:26]} Ra2+ {[%clk 0:51:44]} 34. Kf3
{[%clk 0:02:42]} Ra3 {[%clk 0:51:30]} 35. Ke2 {[%clk 0:02:11]} Kg7
{[%clk 0:50:40]} 36. Kd2 {[%clk 0:01:52]} Kf6 {[%clk 0:51:05]} 37. Rb6
{[%clk 0:01:58]} Ke7 {[%clk 0:51:23]} 38. Rb2 {[%clk 0:01:27]} Kd6
{[%clk 0:51:45]} 39. Rc5 {[%clk 0:01:35]} f5 {[%clk 0:51:03]} 40. Rc1
{[%clk 0:31:30]} Rda8 {[%clk 1:20:59]} 41. Rb6 {[%clk 0:19:21]} Ra2+
{[%clk 1:20:37]} 42. Rc2 {[%clk 0:19:39]} Rxc2+ {[%clk 1:17:43]} 43. Bxc2
{[%clk 0:16:28]} Ra1 {[%clk 1:17:58]} 44. Rb1 {[%clk 0:07:24]} Ra8
{[%clk 1:14:06]} 45. Rc1 {[%clk 0:06:01]} Rg8 {[%clk 1:14:23]} 46. h4
{[%clk 0:05:53]} Ra8 {[%clk 1:12:45]} 47. g3 {[%clk 0:04:24]} Ra2
{[%clk 1:12:53]} 48. Kc3 {[%clk 0:03:25]} Bc8 {[%clk 1:13:01]} 49. Kb3
{[%clk 0:03:32]} Ra5 {[%clk 1:13:24]} 50. h5 {[%clk 0:02:57]} gxh5
{[%clk 1:12:24]} 51. Rh1 {[%clk 0:03:22]} Ra7 {[%clk 1:12:39]} 52. Rxh5
{[%clk 0:03:38]} Re7 {[%clk 1:13:07]} 53. Rxh6+ {[%clk 0:03:21]} Kc7
{[%clk 1:13:31]} 54. Rg6 {[%clk 0:01:19]} Rxe3+ {[%clk 1:13:59]} 55. Kb2
{[%clk 0:01:36]} Be6 {[%clk 1:12:36]} 56. Kc1 {[%clk 0:01:45]} Bd7
{[%clk 1:12:32]} 57. Kd2 {[%clk 0:01:44]} Re7 {[%clk 1:11:36]} 58. Rg5
{[%clk 0:01:08]} Rf7 {[%clk 1:12:05]} 59. Kc3 {[%clk 0:01:03]} Kd6
{[%clk 1:12:30]} 60. Rg6+ {[%clk 0:01:23]} Be6 {[%clk 1:11:14]} 61. Ba4
{[%clk 0:00:40]} Ra7 {[%clk 1:10:59]} 62. Bc2 {[%clk 0:00:57]} Rf7
{[%clk 1:10:23]} 63. Kb4 {[%clk 0:00:57]} Rf8 {[%clk 1:08:29]} 64. g4
{[%clk 0:00:48]} Ke7 {[%clk 1:01:12]} 65. gxf5 {[%clk 0:01:11]} Bxf5
{[%clk 1:01:32]} 66. Bxf5 {[%clk 0:01:37]} Rxf5 {[%clk 1:01:55]} 67. Kc5
{[%clk 0:01:59]} Rxf4 {[%clk 1:02:00]} 68. Rxc6 {[%clk 0:02:21]} Rf5
{[%clk 1:02:24]} 69. Rd6 {[%clk 0:02:30]} Rh5 {[%clk 1:02:27]} 70. Kc6
{[%clk 0:01:42]} Rg5 {[%clk 1:02:41]} 71. Rd7+ {[%clk 0:01:03]} Ke6
{[%clk 1:02:38]} 72. Rd8 {[%clk 0:00:56]} Ke7 {[%clk 1:02:55]} 73. Rh8
{[%clk 0:00:38]} Rf5 {[%clk 1:03:09]} 74. Rh7+ {[%clk 0:00:54]} Ke6
{[%clk 1:03:12]} 75. Rh1 {[%clk 0:00:50]} Rg5 {[%clk 1:03:09]} 76. Re1+
{[%clk 0:01:13]} Kf7 {[%clk 1:03:29]} 77. Kd6 {[%clk 0:01:33]} Kf6
{[%clk 1:03:12]} 78. Rf1+ {[%clk 0:01:44]} Kg7 {[%clk 1:03:26]} 79. Ke6
{[%clk 0:01:36]} Kg8 {[%clk 1:03:12]} 80. Ra1 {[%clk 0:01:26]} Rg6+
{[%clk 1:02:46]} 81. Kxd5 {[%clk 0:01:43]} Kf7 {[%clk 1:02:29]} 82. Re1
{[%clk 0:01:47]} Ra6 {[%clk 1:02:39]} 83. Re2 {[%clk 0:00:59]} Ra5+
{[%clk 1:01:55]} 84. Kc6 {[%clk 0:01:21]} Ra6+ {[%clk 1:02:22]} 85. Kb5
{[%clk 0:01:45]} Ra1 {[%clk 1:02:02]} 86. d5 {[%clk 0:01:46]} Rd1
{[%clk 1:02:27]} 87. Kc6 {[%clk 0:02:13]} Rc1+ {[%clk 1:02:48]} 88. Kd7
{[%clk 0:02:27]} Ra1 {[%clk 1:02:34]} 89. d6 {[%clk 0:02:50]} Ra8
{[%clk 1:01:54]} 90. Kc7 {[%clk 0:03:10]} Ra7+ {[%clk 1:02:18]} 91. Kb6
{[%clk 0:03:30]} Ra1 {[%clk 1:02:10]} 92. d7 {[%clk 0:03:45]} Rd1
{[%clk 1:02:32]} 93. Kc7 {[%clk 0:04:11]} Rc1+ {[%clk 1:02:57]} 94. Kd8
{[%clk 0:04:39]} Rd1 {[%clk 1:02:06]} 95. Rc2 {[%clk 0:04:24]} Ke6
{[%clk 1:02:20]} 96. Rc6+ {[%clk 0:04:35]} Kf7 {[%clk 1:02:41]} 97. Rh6
{[%clk 0:04:02]} Kg7 {[%clk 1:02:23]} 98. Rc6 {[%clk 0:03:05]} Kf7
{[%clk 1:02:46]} 99. Kc8 {[%clk 0:03:09]} Ke7 {[%clk 1:03:04]} 100. Rc7
{[%clk 0:03:35]} 1-0

[Event "WYCC Girls 12"]
[Site "Porto Carras"]
[Date "2015.11.01"]
[Round "7.8"]
[White "Solozhenkina, Elizaveta"]
[Black "Dejanovic, Tereza"]
[Result "1-0"]
[BlackElo "1703"]
[WhiteElo "2062"]
[LiveChessVersion "1.4.6"]

1. e4 {[%clk 1:30:58]} c5 {[%clk 1:30:56]} 2. Nf3 {[%clk 1:30:46]} d6
{[%clk 1:31:13]} 3. Bb5+ {[%clk 1:30:46]} Bd7 {[%clk 1:31:34]} 4. Bxd7+
{[%clk 1:31:04]} Qxd7 {[%clk 1:31:59]} 5. O-O {[%clk 1:31:01]} Nc6
{[%clk 1:31:39]} 6. c3 {[%clk 1:30:35]} Nf6 {[%clk 1:31:54]} 7. Qe2
{[%clk 1:26:23]} e6 {[%clk 1:25:07]} 8. d4 {[%clk 1:26:20]} Be7 {[%clk 1:23:37]}
9. Nbd2 {[%clk 1:16:25]} O-O {[%clk 1:21:16]} 10. b3 {[%clk 1:16:05]} Rac8
{[%clk 1:12:33]} 11. Bb2 {[%clk 1:11:27]} cxd4 {[%clk 1:04:50]} 12. cxd4
{[%clk 1:11:44]} d5 {[%clk 1:03:25]} 13. e5 {[%clk 1:08:47]} Ne8 {[%clk 1:00:54]}
14. Ne1 {[%clk 1:07:06]} Nc7 {[%clk 0:59:23]} 15. f4 {[%clk 1:05:35]} Na8
{[%clk 0:48:48]} 16. a3 {[%clk 1:00:29]} Nb6 {[%clk 0:46:39]} 17. Qd3
{[%clk 0:54:23]} f5 {[%clk 0:38:29]} 18. exf6 {[%clk 0:45:23]} Rxf6
{[%clk 0:37:27]} 19. Qe3 {[%clk 0:44:05]} a5 {[%clk 0:30:31]} 20. Nd3
{[%clk 0:38:51]} a4 {[%clk 0:27:06]} 21. b4 {[%clk 0:37:28]} Nc4 {[%clk 0:19:31]}
22. Nxc4 {[%clk 0:37:35]} dxc4 {[%clk 0:19:55]} 23. Nc5 {[%clk 0:36:14]} Bxc5
{[%clk 0:19:44]} 24. dxc5 {[%clk 0:36:36]} Rff8 {[%clk 0:19:33]} 25. Rad1
{[%clk 0:26:24]} Qf7 {[%clk 0:18:58]} 26. Qc3 {[%clk 0:23:41]} Qf6
{[%clk 0:16:42]} 27. Qc2 {[%clk 0:23:15]} Qe7 {[%clk 0:15:19]} 28. Qxc4
{[%clk 0:21:22]} Kh8 {[%clk 0:14:01]} 29. Rde1 {[%clk 0:17:42]} Rce8
{[%clk 0:11:30]} 30. f5 {[%clk 0:13:47]} e5 {[%clk 0:11:13]} 31. b5
{[%clk 0:13:43]} Na5 {[%clk 0:10:08]} 32. Qb4 {[%clk 0:11:54]} Nb3
{[%clk 0:09:16]} 33. Rxe5 {[%clk 0:10:54]} Qc7 {[%clk 0:09:06]} 34. c6
{[%clk 0:04:02]} bxc6 {[%clk 0:08:34]} 35. Rxe8 {[%clk 0:04:13]} Rxe8
{[%clk 0:08:59]} 36. f6 {[%clk 0:04:27]} c5 {[%clk 0:07:17]} 37. fxg7+
{[%clk 0:04:46]} Kg8 {[%clk 0:07:36]} 38. Qc4+ {[%clk 0:05:08]} 1-0

[Event "WYCC Girls 12"]
[Site "Porto Carras"]
[Date "2015.11.01"]
[Round "7.9"]
[White "Mrudul, Dehankar"]
[Black "Jarocka, Liwia"]
[Result "1-0"]
[BlackElo "1661"]
[WhiteElo "1890"]
[LiveChessVersion "1.4.6"]

1. d4 {[%clk 1:30:50]} Nf6 {[%clk 1:30:50]} 2. Nf3 {[%clk 1:31:15]} g6
{[%clk 1:31:11]} 3. Bf4 {[%clk 1:31:40]} Bg7 {[%clk 1:31:31]} 4. e3
{[%clk 1:32:03]} d6 {[%clk 1:31:53]} 5. h3 {[%clk 1:32:13]} Nbd7 {[%clk 1:28:08]}
6. Be2 {[%clk 1:31:03]} O-O {[%clk 1:24:38]} 7. O-O {[%clk 1:31:16]} Re8
{[%clk 1:18:25]} 8. c3 {[%clk 1:30:36]} b6 {[%clk 1:17:36]} 9. a4
{[%clk 1:29:12]} Bb7 {[%clk 1:15:23]} 10. Nbd2 {[%clk 1:27:34]} a6
{[%clk 1:14:24]} 11. Qc2 {[%clk 1:22:15]} Ra7 {[%clk 1:13:44]} 12. a5
{[%clk 1:10:28]} Qa8 {[%clk 1:09:55]} 13. Bc4 {[%clk 0:58:56]} b5
{[%clk 1:06:08]} 14. Be2 {[%clk 0:54:51]} Ne4 {[%clk 0:57:36]} 15. Rfd1
{[%clk 0:42:16]} Ndf6 {[%clk 0:56:46]} 16. Ne1 {[%clk 0:31:37]} h5
{[%clk 0:39:32]} 17. Ndf3 {[%clk 0:19:55]} Nh7 {[%clk 0:33:45]} 18. Bh2
{[%clk 0:07:52]} Bh6 {[%clk 0:33:30]} 19. c4 {[%clk 0:07:56]} bxc4
{[%clk 0:26:11]} 20. Bxc4 {[%clk 0:08:10]} g5 {[%clk 0:23:24]} 21. d5
{[%clk 0:04:53]} Nhf6 {[%clk 0:23:07]} 22. Nd4 {[%clk 0:03:35]} Bc8
{[%clk 0:21:02]} 23. f3 {[%clk 0:01:07]} Nc5 {[%clk 0:21:10]} 24. b4
{[%clk 0:01:24]} Ncd7 {[%clk 0:21:08]} 25. Nf5 {[%clk 0:01:06]} Bg7
{[%clk 0:21:10]} 26. e4 {[%clk 0:00:55]} Nf8 {[%clk 0:19:54]} 27. Nxg7
{[%clk 0:00:56]} Kxg7 {[%clk 0:20:19]} 28. Nd3 {[%clk 0:01:14]} Ng6
{[%clk 0:19:03]} 29. Qf2 {[%clk 0:00:54]} Rb7 {[%clk 0:17:09]} 30. Kf1
{[%clk 0:00:47]} g4 {[%clk 0:16:57]} 31. hxg4 {[%clk 0:00:39]} hxg4
{[%clk 0:17:19]} 32. Rab1 {[%clk 0:00:46]} gxf3 {[%clk 0:17:24]} 33. gxf3
{[%clk 0:01:08]} Qa7 {[%clk 0:16:31]} 34. Bg1 {[%clk 0:01:15]} Qxf2+
{[%clk 0:16:39]} 35. Bxf2 {[%clk 0:01:40]} Rb8 {[%clk 0:16:39]} 36. Ke2
{[%clk 0:01:49]} Rh8 {[%clk 0:16:53]} 37. Rh1 {[%clk 0:01:19]} Bb7
{[%clk 0:17:09]} 38. Bd4 {[%clk 0:01:13]} Rbe8 {[%clk 0:15:52]} 39. b5
{[%clk 0:00:39]} axb5 {[%clk 0:16:01]} 40. Bxb5 {[%clk 0:31:03]} Ra8
{[%clk 0:45:45]} 41. Rxh8 {[%clk 0:25:25]} Kxh8 {[%clk 0:44:17]} 42. Ra1
{[%clk 0:23:51]} Ba6 {[%clk 0:38:48]} 43. Bxa6 {[%clk 0:24:01]} Rxa6
{[%clk 0:39:14]} 44. Nb4 {[%clk 0:24:26]} Ra8 {[%clk 0:39:35]} 45. a6
{[%clk 0:24:44]} Kg8 {[%clk 0:39:30]} 46. a7 {[%clk 0:25:00]} Ne5
{[%clk 0:37:24]} 47. Nc6 {[%clk 0:17:39]} Nfd7 {[%clk 0:28:41]} 48. Nxe7+
{[%clk 0:11:08]} Kf8 {[%clk 0:29:03]} 49. Nc6 {[%clk 0:11:34]} Nxc6
{[%clk 0:28:14]} 50. dxc6 {[%clk 0:11:58]} Ne5 {[%clk 0:27:56]} 51. Bxe5
{[%clk 0:10:56]} dxe5 {[%clk 0:28:21]} 52. Kd3 {[%clk 0:11:21]} Ke7
{[%clk 0:28:44]} 53. Kc4 {[%clk 0:11:47]} Kd8 {[%clk 0:27:58]} 54. Kb5
{[%clk 0:12:02]} Ke7 {[%clk 0:27:29]} 55. Ka6 {[%clk 0:12:22]} Kd6
{[%clk 0:27:47]} 56. Kb7 {[%clk 0:12:46]} Rg8 {[%clk 0:28:06]} 57. a8=Q
{[%clk 0:13:04]} Rxa8 {[%clk 0:28:29]} 58. Rxa8 {[%clk 0:13:30]} f6
{[%clk 0:28:54]} 59. Rd8+ {[%clk 0:13:54]} Ke7 {[%clk 0:29:13]} 60. Kxc7
{[%clk 0:14:19]} Kf7 {[%clk 0:29:35]} 61. Kd7 {[%clk 0:14:43]} f5
{[%clk 0:29:58]} 62. exf5 {[%clk 0:14:22]} Kf6 {[%clk 0:30:23]} 63. Rf8+
{[%clk 0:14:49]} Kg7 {[%clk 0:30:45]} 64. Ke7 {[%clk 0:15:15]} Kh7
{[%clk 0:31:06]} 65. c7 {[%clk 0:15:26]} Kg7 {[%clk 0:31:34]} 66. c8=Q
{[%clk 0:15:46]} Kh7 {[%clk 0:31:57]} 67. Rh8+ {[%clk 0:16:10]} Kg7
{[%clk 0:32:14]} 68. Qg8# {[%clk 0:16:35]} 1-0

[Event "WYCC Girls 12"]
[Site "Porto Carras"]
[Date "2015.11.01"]
[Round "7.10"]
[White "Abduali, Samal"]
[Black "Majoros, Rozsa"]
[Result "1/2-1/2"]
[BlackElo "1826"]
[WhiteElo "1699"]
[LiveChessVersion "1.4.6"]

1. d4 {[%clk 1:30:42]} Nf6 {[%clk 1:30:45]} 2. Nf3 {[%clk 1:30:32]} g6
{[%clk 1:31:02]} 3. c4 {[%clk 1:30:32]} c5 {[%clk 1:31:19]} 4. d5
{[%clk 1:30:28]} d6 {[%clk 1:31:31]} 5. h3 {[%clk 1:30:24]} Bg7 {[%clk 1:31:41]}
6. Nc3 {[%clk 1:30:12]} O-O {[%clk 1:31:46]} 7. e4 {[%clk 1:30:04]} e5
{[%clk 1:31:28]} 8. Bd3 {[%clk 1:28:44]} Nbd7 {[%clk 1:30:58]} 9. Be3
{[%clk 1:26:00]} Ne8 {[%clk 1:27:49]} 10. Bg5 {[%clk 1:23:35]} Ndf6
{[%clk 1:24:45]} 11. Qd2 {[%clk 1:21:39]} Nc7 {[%clk 1:20:45]} 12. O-O
{[%clk 1:18:28]} a6 {[%clk 1:20:40]} 13. a4 {[%clk 1:16:52]} Rb8 {[%clk 1:19:11]}
14. Nh2 {[%clk 1:06:09]} Bd7 {[%clk 1:16:29]} 15. f4 {[%clk 1:04:01]} h6
{[%clk 1:12:25]} 16. Bxf6 {[%clk 0:59:11]} Qxf6 {[%clk 1:10:41]} 17. f5
{[%clk 0:54:58]} Qh4 {[%clk 1:08:17]} 18. Ne2 {[%clk 0:47:55]} b5
{[%clk 1:05:14]} 19. axb5 {[%clk 0:44:45]} axb5 {[%clk 1:05:25]} 20. Ra7
{[%clk 0:42:20]} bxc4 {[%clk 0:57:51]} 21. Bb1 {[%clk 0:34:35]} Rfc8
{[%clk 0:53:03]} 22. Nf3 {[%clk 0:26:31]} Qd8 {[%clk 0:51:35]} 23. fxg6
{[%clk 0:24:47]} fxg6 {[%clk 0:51:54]} 24. Nc3 {[%clk 0:21:21]} Nb5
{[%clk 0:49:36]} 25. Nxb5 {[%clk 0:19:37]} Rxb5 {[%clk 0:47:56]} 26. Qf2
{[%clk 0:18:07]} Qe8 {[%clk 0:44:11]} 27. Ba2 {[%clk 0:10:10]} Rcb8
{[%clk 0:42:37]} 28. Bxc4 {[%clk 0:09:10]} Rxb2 {[%clk 0:42:32]} 29. Qg3
{[%clk 0:08:00]} R2b7 {[%clk 0:42:21]} 1/2-1/2

[Event "WYCC Girls 12"]
[Site "Porto Carras"]
[Date "2015.11.01"]
[Round "7.11"]
[White "Hercog, Nusa"]
[Black "Hovhannisyan, Mane"]
[Result "1-0"]
[BlackElo "1590"]
[WhiteElo "1790"]
[LiveChessVersion "1.4.6"]

1. d4 {[%clk 1:30:55]} d5 {[%clk 1:30:56]} 2. c4 {[%clk 1:31:18]} e6
{[%clk 1:31:21]} 3. Nf3 {[%clk 1:31:28]} c6 {[%clk 1:31:32]} 4. Qb3
{[%clk 1:30:24]} Nf6 {[%clk 1:30:33]} 5. Nc3 {[%clk 1:30:24]} Be7
{[%clk 1:28:24]} 6. Bg5 {[%clk 1:28:39]} Nbd7 {[%clk 1:27:59]} 7. e3
{[%clk 1:28:14]} O-O {[%clk 1:27:40]} 8. Be2 {[%clk 1:26:22]} dxc4
{[%clk 1:17:53]} 9. Qxc4 {[%clk 1:24:50]} Qb6 {[%clk 1:11:19]} 10. Rb1
{[%clk 1:20:07]} c5 {[%clk 1:01:55]} 11. O-O {[%clk 1:17:54]} cxd4
{[%clk 0:57:52]} 12. exd4 {[%clk 1:16:40]} a6 {[%clk 0:50:29]} 13. Rfd1
{[%clk 1:12:24]} Qa7 {[%clk 0:48:39]} 14. a4 {[%clk 1:07:05]} Nb6
{[%clk 0:44:10]} 15. Qd3 {[%clk 1:04:43]} Bd7 {[%clk 0:42:54]} 16. b3
{[%clk 1:02:21]} Rfd8 {[%clk 0:34:59]} 17. Ne5 {[%clk 0:54:29]} Rac8
{[%clk 0:33:15]} 18. Nxd7 {[%clk 0:41:48]} Rxd7 {[%clk 0:33:20]} 19. Bf3
{[%clk 0:31:35]} Rcd8 {[%clk 0:28:18]} 20. Ne2 {[%clk 0:21:31]} Nbd5
{[%clk 0:25:42]} 21. Bxd5 {[%clk 0:21:05]} Rxd5 {[%clk 0:23:18]} 22. Be3
{[%clk 0:20:18]} e5 {[%clk 0:19:48]} 23. Qc2 {[%clk 0:14:55]} Ng4
{[%clk 0:17:33]} 24. Qe4 {[%clk 0:13:08]} Nxe3 {[%clk 0:17:09]} 25. fxe3
{[%clk 0:12:58]} Bb4 {[%clk 0:12:45]} 26. Rbc1 {[%clk 0:12:11]} h6
{[%clk 0:09:35]} 27. Rf1 {[%clk 0:09:40]} exd4 {[%clk 0:09:13]} 28. exd4
{[%clk 0:09:57]} Qb6 {[%clk 0:08:58]} 29. Qf4 {[%clk 0:09:01]} Qe6
{[%clk 0:07:59]} 30. Qf3 {[%clk 0:07:45]} Bd2 {[%clk 0:07:33]} 31. Rc7
{[%clk 0:07:07]} R5d7 {[%clk 0:05:02]} 32. Rc4 {[%clk 0:05:15]} b5
{[%clk 0:03:35]} 33. Rc6 {[%clk 0:04:27]} Qe3+ {[%clk 0:03:03]} 34. Qxe3
{[%clk 0:03:03]} Bxe3+ {[%clk 0:03:32]} 35. Kh1 {[%clk 0:03:32]} bxa4
{[%clk 0:03:29]} 36. bxa4 {[%clk 0:03:54]} Rd6 {[%clk 0:03:39]} 37. Rxd6
{[%clk 0:03:27]} Rxd6 {[%clk 0:04:07]} 38. Rd1 {[%clk 0:03:48]} Rd5
{[%clk 0:04:05]} 39. Rd3 {[%clk 0:02:55]} Bf2 {[%clk 0:03:44]} 40. g3
{[%clk 0:32:22]} g5 {[%clk 0:31:49]} 41. Kg2 {[%clk 0:29:00]} Be1
{[%clk 0:32:07]} 42. Re3 {[%clk 0:28:06]} Ra5 {[%clk 0:31:25]} 43. Ra3
{[%clk 0:23:41]} Kf8 {[%clk 0:30:54]} 44. g4 {[%clk 0:22:40]} Bb4
{[%clk 0:30:39]} 45. Ra2 {[%clk 0:22:07]} Ke7 {[%clk 0:30:28]} 46. Ng3
{[%clk 0:21:44]} Bc3 {[%clk 0:25:08]} 47. Kf3 {[%clk 0:19:35]} Ke6
{[%clk 0:23:24]} 48. Ke4 {[%clk 0:19:23]} Rd5 {[%clk 0:14:58]} 49. Nf5
{[%clk 0:19:14]} h5 {[%clk 0:12:10]} 50. h3 {[%clk 0:16:38]} hxg4
{[%clk 0:09:45]} 51. hxg4 {[%clk 0:17:01]} Ra5 {[%clk 0:08:12]} 52. Ne3
{[%clk 0:16:34]} Bb4 {[%clk 0:05:52]} 53. d5+ {[%clk 0:11:44]} Ke7
{[%clk 0:05:53]} 54. Nf5+ {[%clk 0:10:28]} Kd7 {[%clk 0:05:48]} 55. Nd4
{[%clk 0:08:19]} Rc5 {[%clk 0:05:03]} 56. Rc2 {[%clk 0:05:19]} a5
{[%clk 0:03:30]} 57. Rxc5 {[%clk 0:03:42]} Bxc5 {[%clk 0:03:59]} 58. Nc6
{[%clk 0:03:53]} Bb6 {[%clk 0:03:48]} 59. Ne5+ {[%clk 0:03:52]} Ke7
{[%clk 0:04:06]} 60. Nc4 {[%clk 0:03:07]} Bd8 {[%clk 0:03:47]} 61. Kf5
{[%clk 0:02:45]} f6 {[%clk 0:04:07]} 62. Ke4 {[%clk 0:02:28]} Kd7
{[%clk 0:03:29]} 63. Kd4 {[%clk 0:02:09]} Bc7 {[%clk 0:03:45]} 64. d6
{[%clk 0:02:02]} Bxd6 {[%clk 0:03:34]} 65. Nxa5 {[%clk 0:02:22]} Kc7
{[%clk 0:03:31]} 66. Kd5 {[%clk 0:02:18]} Kd7 {[%clk 0:02:21]} 67. Nc4
{[%clk 0:02:24]} Bc7 {[%clk 0:02:23]} 68. a5 {[%clk 0:02:07]} f5 {[%clk 0:01:32]}
69. gxf5 {[%clk 0:02:00]} g4 {[%clk 0:02:01]} 70. a6 {[%clk 0:01:57]} Bb8
{[%clk 0:01:25]} 71. Ne5+ {[%clk 0:01:21]} Bxe5 {[%clk 0:01:53]} 72. a7
{[%clk 0:01:39]} g3 {[%clk 0:02:16]} 73. a8=Q {[%clk 0:02:01]} g2
{[%clk 0:02:36]} 74. Qb7+ {[%clk 0:01:52]} Kd8 {[%clk 0:03:00]} 75. Ke6
{[%clk 0:02:06]} 1-0